Líder zdolal majstra Extraliga hádzanárok - 16. kolo: Michalovce strácajú dych

Bibliographic Details
Format: Article
Language:Slovak
Subjects:

MARC

LEADER 00000nab a2200000 a 4500
001 vtls000713217
003 SK-MaSNL
005 20260302194138.0
008 180206c2000 xo 0 slo
015 |a SNBRB2000/02-04355 
035 |a CLN000065384 
040 |a SNKBUCL  |b slo  |c SNKBUCL  |e AACR2 
041 0 |a slo 
044 |a xo  |c SK 
080 |a 796.322.093.1  |2 UDC-MRF-SK2 
245 0 0 |a Líder zdolal majstra  |b Extraliga hádzanárok - 16. kolo: Michalovce strácajú dych 
650 0 7 |a hádzaná  |x ženy  |x Extraliga  |y sezóna 1999/2000  |x kolo 16.  |2 snkbucl  |9 913805 
655 7 |a články z novín a časopisov  |2 snkbucl  |9 267496 
773 0 |t Šport  |g Roč. 54, č. 33 (10.2.2000), s. 6 
850 |a Slovenská národná knižnica v Martine 
852 |a SNK  |b KIS3GCP 
958 |a RBX 
999 |c 1447513  |d 1449443